Central Library OPAC University of Rajshahi

From charity to social work : (Record no. 49587)

MARC details
000 -LEADER
fixed length control field 00827nam a2200277 a 4500
001 - CONTROL NUMBER
control field 49587
003 - CONTROL NUMBER IDENTIFIER
rucl marc code BD-RjUL
005 - DATE AND TIME OF LATEST TRANSACTION
control field 20211209054710.0
008 - FIXED-LENGTH DATA ELEMENTS--GENERAL INFORMATION
fixed length control field 160821t19711962enk b 001 0 eng
020 ## - INTERNATIONAL STANDARD BOOK NUMBER
International Standard Book Number 0710045557 [R.K.P.]
International Standard Book Number 0802012035[U.T.P.]
035 ## - SYSTEM CONTROL NUMBER
System control number (BD-RjUL)49706
040 ## - CATALOGING SOURCE
Original cataloging agency DLC
Transcribing agency DLC
Modifying agency DLC
Language of cataloging eng
041 ## - LANGUAGE CODE
Language code of text/sound track or separate title eng
082 00 - DEWEY DECIMAL CLASSIFICATION NUMBER
Classification number 361.942
Edition number 23
Author mark and year WOF 1971
100 1# - MAIN ENTRY--PERSONAL NAME
Personal name Woodroofe, Kathleen.
9 (RLIN) 148708
245 10 - TITLE STATEMENT
Title From charity to social work :
Remainder of title in England and the United States. /
260 ## - PUBLICATION, DISTRIBUTION, ETC. (IMPRINT)
Place of publication, distribution, etc. Toronto :
Name of publisher, distributor, etc. University of Toronto Press,
Date of publication, distribution, etc. c1962, 1971
300 ## - PHYSICAL DESCRIPTION
Pagination vi, 247 p.
Size 22 cm.
350 ## - PRICE (NR) (BK AM CF MU VM SE) [OBSOLETE]
Price $2.50
504 ## - BIBLIOGRAPHY, ETC. NOTE
Bibliography, etc Bibliography: p. 229-237.
650 #0 - SUBJECT ADDED ENTRY--TOPICAL TERM
Topical term or geographic name as entry element Social service
Geographic subdivision United States.
9 (RLIN) 148709
Topical term or geographic name as entry element Social service
Geographic subdivision England.
9 (RLIN) 148710
942 ## - ADDED ENTRY ELEMENTS (KOHA)
Source of classification or shelving scheme Dewey Decimal Classification
Koha item type Books
Holdings
Lost status Source of classification or shelving scheme Damaged status Not for loan Collection code Permanent Location Current Location Shelving location Date acquired Source of acquisition Cost, normal purchase price Total Checkouts Full call number Date last seen Copy number Koha item type
  Dewey Decimal Classification     Non-fiction Central Library, University of Rajshahi Central Library, University of Rajshahi   16/06/1975 Jonathan Wren & Co. 2.25   361.942 WOF 1971 21/08/2016 C-2 Books
  Dewey Decimal Classification     Non-fiction Central Library, University of Rajshahi Central Library, University of Rajshahi   16/06/1975 Jonathan Wren & Co. 2.25   361.942 WOF 1971 21/08/2016 C-3 Books
  Dewey Decimal Classification     Non-fiction Central Library, University of Rajshahi Central Library, University of Rajshahi   16/06/1975 Jonathan Wren & Co. 2.25   361.942 WOF 1971 21/08/2016 C-4 Books